Diseno de un sistema de programacion y control orientado a la ejecucion por computadora

Na minha lista:
Detalhes bibliográficos
Autor principal: Naranjo Viquez, Johnny
Formato: Tese Livro
Idioma:Undetermined
Publicado em: 1984
Assuntos:
> > > > PROGRAMACION
Tags: Adicionar Tag
Sem tags, seja o primeiro a adicionar uma tag!

MARC

LEADER 00000nam a2200000Ia 4500
001 2591
008 140114s9999 xx 000 0 und d
100 |a Naranjo Viquez, Johnny 
245 |a Diseno de un sistema de programacion y control orientado a la ejecucion por computadora 
260 |c 1984 
500 |a NULL 
502 |a Escuela de ingenieria Civil 
650 |z PROGRAMACION 
999 |c 11601  |d 11601